Pokémon - Dark Type Moves - Sudden Death - Statistics

General Stats
  • This quiz has been taken 55 times
  • The average score is 12 of 24
Answers on the Grid
Answers color-coded by a green-red scale on the quiz's grid according to % correct below.
Revenge
Knock Off
Memento
Guillotine
Ruination
Shadow Punch
Parting Shot
Flatter
Night Daze
Block
Bite
Force Palm
Snarl
Fake Tears
Shadow Sneak
Attack Order
Kowtow Cleave
Ominous Wind
Crunch
Wicked Blow
Retaliate
Dark Pulse
Inferno
Belch
Fling
Taunt
Nasty Plot
Quash
Switcheroo
Breaking Swipe
Oblivion Wing
Hone Claws
Burning Jealousy
Payback
Trick
Brutal Swing
Jaw Lock
Final Gambit
Torment
Lash Out
 
Answer Stats
Answer % Correct
Dark Bite
85%
Dark Knock Off
85%
Dark Crunch
70%
Dark Dark Pulse
70%
Dark Snarl
68%
Dark Nasty Plot
58%
Dark Fake Tears
55%
Dark Memento
55%
Dark Taunt
55%
Dark Fling
53%
Dark Parting Shot
53%
Dark Night Daze
50%
Dark Wicked Blow
48%
Dark Kowtow Cleave
45%
Dark Ruination
45%
Dark Hone Claws
43%
Dark Brutal Swing
38%
Dark Payback
38%
Dark Lash Out
35%
Dark Switcheroo
35%
Dark Quash
33%
Dark Torment
33%
Dark Flatter
30%
Dark Jaw Lock
28%
No matching quizzes found
Score Distribution
Percent of People with Each Score
Percentile by Number Answered
Your Score History
You have not taken this quiz